[Event "Let's Play I-27"]
[Site "http://www.queenalice.com/game.php?id=1771984"]
[Date "2021.10.13"]
[Round "-"]
[White "Rider"]
[Black "Scaracioli"]
[Result "1-0"]
[WhiteElo "1500"]
[BlackElo "1629"]

1. Nc3 e5 2. e4 c6 3. Bc4 d6 4. Qf3 Be6 5. Bxe6 fxe6 6. d3 Nf6 7. g4 h6 8. Be3
Be7 9. g5 hxg5 10. Bxg5 d5 11. Bxf6 Bxf6 12. O-O-O d4 13. Na4 b6 14. b3 b5 15.
Nc5 Qe7 16. b4 a5 17. a3 Na6 18. Nxa6 Rxa6 19. Kb2 axb4 20. Ra1 bxa3+ 21. Ka2 b4
22. Rb1 c5 23. Ne2 Qb7 24. Nc1 Ke7 25. Nb3 Kd6 26. h3 Be7 27. Qg4 g5 28. Qg2 Kc6
29. f3 Qb5 30. Qg3 Qb8 31. Nd2 Kb7 32. Qg4 Rh4 33. Qg3 Qh8 34. Nb3 Ra8 35. Rhg1
Rxh3 36. Qg4 Qh6 37. Rbc1 Rh8 38. Na5+ Ka6 39. Nc6 Bd6 40. Qxg5 Qxg5 41. Rxg5
R8h5 42. Rg8 Kb6 43. Nd8 Rh6 44. Nf7 Rf6 45. Nxd6 Rfxf3 46. Nc4+ Kc7 47. Nxe5
Re3 48. Rg7+ Kd6 49. Nc4+ Kc6 50. Nxe3 Rxe3 51. Rg6 Kd6 52. Kb3 Rf3 53. Rh1 Ke5
54. Rg5+ Kf4 55. Rxc5 Ke3 56. Re5 Rf2 57. Rxe6 Kd2 58. Rb6 Re2 59. Rxb4 Re1 60.
Rxe1 Kxe1 61. Rxd4 Kd2 62. Kxa3 Kxc2 63. Rd8 Kc3 64. d4 Kd3 65. e5 Ke4 66. e6
Kf5 67. e7 Ke4 68. e8=Q+ Kd3 69. d5 Kd4 70. d6 Kd5 71. Qh5+ Ke4 72. Re8+ Kd4 73.
d7 Kc3 74. Re4 Kd3 75. Qd5+ Kc3 76. Rc4# 1-0

[Event "Let's Play I-28"]
[Site "http://www.queenalice.com/game.php?id=1771985"]
[Date "2021.10.12"]
[Round "-"]
[White "alterego"]
[Black "Rider"]
[Result "0-1"]
[WhiteElo "1516"]
[BlackElo "1509"]

1. d4 d5 2. c4 Be6 3. g3 c6 4. c5 b6 5. Bg2 Nf6 6. Nf3 bxc5 7. O-O c4 8. Nc3 h6
9. Qc2 Qd7 10. Bf4 Bf5 11. Qa4 Ne4 12. Nxe4 Qb7 13. b3 Bxe4 14. Ne5 f6 15. Ng6
Rg8 16. Qa3 cxb3 17. axb3 Bxg6 18. Qa4 Bf5 19. Bxd5 Rh8 20. e4 Bd7 21. Qc4 cxd5
22. exd5 Bb5 23. Qb4 a5 24. Rxa5 Rxa5 25. Re1 Ra7 26. d6 Kf7 27. dxe7 Bxe7 28.
Bd6 Bd8 29. Qc3 Nc6 30. d5 Nb8 31. Qf3 Re8 32. Qh5+ g6 33. Rxe8 Kxe8 34. Qxg6+
Kd7 35. Bc5 Ra1+ 36. Kg2 Qxd5+ 37. Kh3 Bf1+ 38. Kh4 Qxc5 39. Qg4+ f5+ 0-1

[Event "Let's Play I-29"]
[Site "http://www.queenalice.com/game.php?id=1771986"]
[Date "2021.10.12"]
[Round "-"]
[White "Rider"]
[Black "alterego"]
[Result "0-1"]
[WhiteElo "1525"]
[BlackElo "1500"]

1. e4 c5 2. c4 g6 3. d3 Bg7 4. Qa4 Nf6 5. e5 Ng4 6. h3 Nxe5 7. Nd2 O-O 8. f4
Nec6 9. Ngf3 a6 10. Qb3 d6 11. Ne4 Nd7 12. Bd2 f5 13. Neg5 b6 14. O-O-O Nf6 15.
h4 Ng4 16. Be1 Ne3 17. Rd2 Na5 18. Qa3 Nc6 19. Re2 Nxf1 20. Rxf1 e5 21. Bg3 Bb7
22. Ne6 Qe7 23. Nxf8 Rxf8 24. d4 cxd4 25. fxe5 Nxe5 26. Nxe5 Bxe5 27. Bxe5 d3
28. Qxd3 dxe5 29. Qb3 Qxh4 30. c5+ Kg7 31. Qxb6 Qc4+ 32. Kd1 Bxg2 33. Qc7+ Kh6
34. Qxe5 Bxf1 35. Rh2+ Kg5 36. Qe7+ Rf6 37. Qe3+ f4 38. Qe5+ Rf5 39. Qe7+ Kg4
40. Rh4+ Kf3 41. Qxh7 Be2+ 42. Kd2 Rd5+ 43. Ke1 Qc1# 0-1

[Event "Let's Play I-30"]
[Site "http://www.queenalice.com/game.php?id=1771987"]
[Date "2021.10.12"]
[Round "-"]
[White "ajr"]
[Black "Rider"]
[Result "1-0"]
[WhiteElo "1673"]
[BlackElo "1542"]

1. d4 d5 2. Nc3 e6 3. a3 c5 4. dxc5 Bxc5 5. Bf4 Qf6 6. e3 Nc6 7. Bb5 Ne7 8. Nf3
a6 9. Bxc6+ Nxc6 10. O-O O-O 11. Na4 Ba7 12. Bc7 Qe7 13. Bb6 Qd7 14. Qd3 Qe7 15.
b4 Bd7 16. Bxa7 Nxa7 17. Nb6 Rad8 18. Nxd7 Qxd7 19. Ne5 Qd6 20. f4 Nb5 21. c4
Nc7 22. Rfd1 f6 23. c5 Qe7 24. Nf3 f5 25. Rac1 h6 26. g3 g5 27. g4 gxf4 28. exf4
Rd7 29. gxf5 Rxf5 30. Kf2 Qf7 31. Rg1+ Kf8 32. Rg4 e5 33. fxe5 d4 34. Re1 Qe6
35. Kg3 h5 36. Rxd4 Qg6+ 37. Kf2 Rxd4 38. Qxd4 Ne6 39. Qd6+ Ke8 40. Qb8+ Nd8 41.
e6 Qf6 42. Re3 Ke7 43. Qd6+ Ke8 44. Qd7+ Kf8 45. e7+ Kg7 46. exd8=Q+ Kh6 47.
Qxf6+ Rxf6 48. Re6 Rxe6 49. Qxe6+ Kg7 50. Ng5 h4 51. Kf3 b5 52. cxb6 h3 53. Qf7+
Kh6 54. Kg4 a5 55. Qf6# 1-0

[Event "Let's Play I-31"]
[Site "http://www.queenalice.com/game.php?id=1771988"]
[Date "2021.10.12"]
[Round "-"]
[White "Rider"]
[Black "ajr"]
[Result "0-1"]
[WhiteElo "1554"]
[BlackElo "1661"]

1. Nf3 d5 2. d4 Nc6 3. c3 Bf5 4. Na3 a6 5. c4 e6 6. c5 h6 7. h3 Nf6 8. e3 b6 9.
cxb6 cxb6 10. Qc2 Bxc2 11. Nxc2 Bb4+ 12. Bd2 Bxd2+ 13. Nxd2 b5 14. Rc1 Qa5 15.
a3 Ke7 16. Be2 Rac8 17. Bd3 Ne4 18. Bxe4 dxe4 19. b4 Qb6 20. Nxe4 f5 21. Nc5
Rhd8 22. f4 Kf6 23. g3 Ne7 24. O-O Nc6 25. Rfd1 g6 26. g4 Ne7 27. gxf5 exf5 28.
a4 bxa4 29. Nxa4 Qb5 30. Nb2 Nd5 31. Rd3 Nxb4 32. Rb3 Rxc2 33. Rxc2 Nxc2 34.
Rxb5 axb5 35. Kf2 Rc8 36. Ke2 b4 37. Kd2 Rc3 38. Na4 Rc7 39. Nb2 g5 40. fxg5+
hxg5 41. d5 Ke5 42. d6 Kxd6 43. h4 gxh4 44. Kd3 h3 45. Nd1 b3 46. Kd2 h2 47. Nf2
b2 48. Nh1 b1=Q 49. Ke2 Qe1+ 50. Kf3 Qxe3+ 51. Kg2 Qe2+ 52. Kh3 Rc3+ 53. Kh4
Qg4# 0-1

[Event "Let's Play I-32"]
[Site "http://www.queenalice.com/game.php?id=1771989"]
[Date "2021.10.13"]
[Round "-"]
[White "Scaracioli"]
[Black "Rider"]
[Result "0-1"]
[WhiteElo "1596"]
[BlackElo "1545"]

1. e4 e5 2. Nf3 d6 3. d3 Bg4 4. Be2 Nf6 5. Nxe5 Bxe2 6. Qxe2 Be7 7. Nf3 Nc6 8.
Be3 O-O 9. Nbd2 Qd7 10. O-O b6 11. c3 Ng4 12. Bf4 h6 13. Bg3 Qe6 14. h3 Nf6 15.
d4 Na5 16. b4 Nb7 17. d5 Qd7 18. a4 a6 19. c4 Rae8 20. Ra3 c6 21. dxc6 Qxc6 22.
Rc1 b5 23. a5 Rc8 24. Rac3 Qd7 25. Nd4 Rfe8 26. f3 Nh5 27. Bh2 Bg5 28. g4 Nf4
29. Bxf4 Bxf4 30. R1c2 g6 31. c5 dxc5 32. N4b3 cxb4 33. Rxc8 Rxc8 34. Rxc8+ Qxc8
35. Qf2 Qc7 36. Qg2 Be3+ 37. Kh1 Bf4 38. Qf2 Bg3 39. Qe3 Bf4 40. Qf2 Qc3 41. Qd4
Qxd4 42. Nxd4 Bxd2 43. Nb3 Bc3 44. f4 f6 45. Kg2 Nd6 46. Nc5 Bd4 47. Nb3 Bc3 48.
Kf3 Kf7 49. f5 g5 50. Ke3 Nc4+ 51. Kd3 Ke7 52. Nc5 Ba1 53. Nb3 Be5 54. Nc5 Kd6
55. Nb3 Bf4 56. Nd4 Kc5 57. Ne6+ Kd6 58. Kc2 Nxa5 59. Nd4 Kc5 60. Ne6+ Kd6 61.
Nd4 b3+ 62. Nxb3 Nxb3 63. Kxb3 a5 64. Ka3 Ke5 65. Kb3 Bd2 66. Kc2 Be1 67. Kd3 b4
68. Ke2 Bc3 69. Kd3 Kf4 70. Kc4 Kxe4 71. Kb3 Kf4 72. Ka4 Kg3 73. Kxa5 b3+ 74.
Ka4 b2 75. Kb3 b1=Q+ 76. Kxc3 Kxh3 77. Kd4 Qb4+ 78. Kd5 Kxg4 79. Ke6 Qb6+ 80.
Kf7 Kxf5 81. Kg7 h5 82. Kh6 Kg4 83. Kg6 f5+ 84. Kf7 h4 85. Ke7 h3 86. Kf7 Qc7+
87. Kf6 Qd6+ 88. Kf7 h2 89. Kg7 Qe7+ 90. Kg6 f4 91. Kh6 Qf6+ 92. Kh7 h1=Q+ 93.
Kg8 Qhh8# 0-1

[Event "Challenge"]
[Site "http://www.queenalice.com/game.php?id=1773183"]
[Date "2021.10.26"]
[Round "-"]
[White "Rider"]
[Black "crisvolei"]
[Result "0-1"]
[WhiteElo "1542"]
[BlackElo "1615"]

1. d4 e6 2. e4 c5 3. d5 Qf6 4. d6 Qe5 5. Nc3 Bxd6 6. Nb5 Qxe4+ 7. Be3 Qb4+ 8. c3
Qxb2 9. a4 Be5 10. Rb1 Bxc3+ 11. Nxc3 Qxc3+ 12. Bd2 Qe5+ 13. Ne2 Nc6 14. Bc3 Nd4
15. h3 Ne7 16. Bxd4 cxd4 17. Qd3 Nd5 18. g3 g5 19. Bg2 O-O 20. O-O a5 21. Nxd4
Nb4 22. Qd2 d5 23. Nf3 Qf5 24. Nxg5 h6 25. Nf3 Bd7 26. Ra1 b5 27. axb5 Bxb5 28.
Nd4 Qd3 29. Rfd1 Rfc8 30. Nxb5 Qxb5 31. Bf1 Qb6 32. Qe2 f5 33. Rab1 Rc2 34. Qf3
Rac8 35. Qh5 e5 36. Qxf5 Rf8 37. Qxc2 Qa7 38. Qg6+ Qg7 39. Qe6+ Kh8 40. Bg2 e4
41. h4 Nd3 42. Qxd5 Nxf2 43. Rf1 Qxg3 44. Qd4+ Kh7 45. Rb7+ Kg8 46. Qc4+ Kh8 47.
Qxe4 Nh3+ 48. Kh1 Rxf1+ 49. Bxf1 Qg1# 0-1

[Event "Challenge"]
[Site "http://www.queenalice.com/game.php?id=1773184"]
[Date "2021.10.26"]
[Round "-"]
[White "crisvolei"]
[Black "Rider"]
[Result "0-1"]
[WhiteElo "1625"]
[BlackElo "1522"]

1. e4 e5 2. Qf3 d6 3. Bc4 Qf6 4. d4 exd4 5. e5 dxe5 6. Qe4 c6 7. Nf3 Bd6 8. h4
Bf5 9. Bg5 Bxe4 10. Bxf6 Nxf6 11. Ng5 Bxg2 12. Rg1 Bd5 13. Bxd5 cxd5 14. Nd2 O-O
15. O-O-O Nh5 16. a3 Nf4 17. Rde1 f6 18. Ngf3 Rc8 19. b4 d3 20. c4 dxc4 21. Ne4
Be7 22. Kb2 Nd7 23. Nc3 Nh3 24. Rg3 Nf4 25. Nd2 Nh5 26. Nd5 Bd6 27. Nxc4 Rxc4
28. Rxd3 Rxh4 29. Nc3 Rd4 30. Rxd4 exd4 31. Nd5 a5 32. Ne7+ Kf7 33. Nd5 Be5 34.
Kb3 Ke6 35. f4 Nxf4 36. Nxf4+ Kd6 37. b5 Bxf4 38. Re4 Be5 39. Kc4 Nb6+ 40. Kd3
Kc5 41. Rh4 h6 42. Ke4 Re8 43. Rg4 Re7 44. Kf5 Nd5 45. Kg6 Kxb5 46. Rg2 Nf4+ 47.
Kh7 Nxg2 48. Kg8 f5 0-1

[Event "Challenge"]
[Site "http://www.queenalice.com/game.php?id=1775113"]
[Date "2021.11.18"]
[Round "-"]
[White "crisvolei"]
[Black "Rider"]
[Result "1-0"]
[WhiteElo "1622"]
[BlackElo "1479"]

1. e4 e5 2. Qh5 d6 3. Bc4 Qf6 4. d4 exd4 5. Bg5 Qg6 6. Bxf7+ Qxf7 7. Qh4 Be7 8.
Nd2 Bxg5 9. Qxg5 Ne7 10. Ngf3 h6 11. Qg3 Qf6 12. e5 dxe5 13. Ne4 Qf5 14. Nfd2
O-O 15. O-O-O Nd5 16. Rhf1 Nc6 17. f3 Ne3 18. f4 Nxd1 19. Kxd1 Ne7 20. fxe5 Qg6
21. Rxf8+ Kxf8 22. Qf4+ Nf5 23. Nc5 b6 24. e6 Bxe6 25. Nxe6+ Qxe6 26. Ne4 Qd7
27. g4 g5 28. Qe5 Ne3+ 29. Kc1 Nxg4 30. Qh8+ Ke7 31. Qxa8 a5 32. b3 Nxh2 33. Nf2
Nf1 34. Nd3 Kd6 35. Qf8+ Kd5 36. Qxf1 g4 37. Qg2+ Kd6 38. Qe4 Qg7 39. Qf4+ Kd7
40. Ne5+ Ke6 41. Nd3 c5 42. Qe4+ Kd6 43. Nf4 Qe5 44. Qg6+ Kc7 45. Qf7+ Kd6 46.
Qg6+ Kc7 47. Ne6+ Kb7 48. Qxg4 h5 49. Nd8+ Ka6 50. Qc8+ Kb5 51. a4+ Kb4 52. Nc6+
Kc3 53. Nxe5 h4 54. Qe6 b5 55. axb5 h3 56. Qc4# 1-0

[Event "Challenge"]
[Site "http://www.queenalice.com/game.php?id=1775114"]
[Date "2021.11.18"]
[Round "-"]
[White "Rider"]
[Black "crisvolei"]
[Result "0-1"]
[WhiteElo "1531"]
[BlackElo "1519"]

1. d4 d5 2. Nf3 f6 3. e3 e5 4. c3 c6 5. Bd3 e4 6. Bxe4 dxe4 7. Nfd2 f5 8. Nc4 b5
9. Ne5 Be6 10. O-O Bd6 11. h3 Ne7 12. Qh5+ g6 13. Qe2 Bxe5 14. dxe5 Nd5 15. Rd1
O-O 16. b3 h5 17. g3 Nd7 18. Qc2 Nc5 19. b4 Nd3 20. c4 N5xb4 21. Qc3 Bxc4 22. a3
h4 23. axb4 hxg3 24. fxg3 Qg5 25. Kg2 Nxc1 26. Rxc1 f4 27. exf4 Rxf4 28. Qe3
Raf8 29. Nd2 Rf2+ 30. Kg1 Qxe3 31. Rd1 Qxg3+ 32. Kh1 Qh2# 0-1

[Event "Challenge"]
[Site "http://www.queenalice.com/game.php?id=1775348"]
[Date "2021.11.21"]
[Round "-"]
[White "Scaracioli"]
[Black "Rider"]
[Result "1-0"]
[WhiteElo "1627"]
[BlackElo "1515"]

1. e4 e5 2. Nf3 d6 3. Be2 Bg4 4. h3 Be6 5. c4 Nc6 6. b3 Qd7 7. Bb2 O-O-O 8. Nc3
a6 9. d3 Nf6 10. Nd5 Nh5 11. Qd2 f5 12. exf5 Bxf5 13. g4 Nf6 14. Nxf6 gxf6 15.
gxf5 Qxf5 16. O-O-O d5 17. Nd4 exd4 18. Bg4 Qxg4 19. hxg4 Be7 20. Qf4 Kb8 21.
Bxd4 Nxd4 22. Qxd4 c6 23. Rde1 Bd6 24. Qxf6 Ba3+ 25. Kc2 dxc4 26. bxc4 Bb4 27.
Re4 Rdf8 28. Qe5+ Ka8 29. Rf1 h6 30. f4 Rh7 31. f5 Rhf7 32. Qb2 c5 33. a3 Ba5
34. Qe5 Bc7 35. Qxc5 b6 36. Qc6+ Ka7 37. Re8 Rxe8 38. Qxe8 Rf6 39. Qe7 Rc6 40.
f6 Kb8 41. f7 Kb7 42. f8=Q b5 43. Rb1 Kb6 44. a4 Bg3 45. axb5 axb5 46. Rxb5+ Ka6
47. Qa8# 1-0

[Event "Challenge"]
[Site "http://www.queenalice.com/game.php?id=1775349"]
[Date "2021.11.21"]
[Round "-"]
[White "Rider"]
[Black "Scaracioli"]
[Result "0-1"]
[WhiteElo "1491"]
[BlackElo "1597"]

1. d4 d5 2. e3 a6 3. c4 dxc4 4. Bxc4 Nf6 5. Qb3 e6 6. Nf3 b5 7. Bd3 Bb7 8. Bd2
Bxf3 9. gxf3 Bd6 10. f4 Nbd7 11. Bb4 Bxb4+ 12. Qxb4 Nd5 13. Qb3 c6 14. Be4 O-O
15. Qc2 f5 16. Bf3 Rc8 17. Nd2 N7f6 18. Qb3 Qb6 19. O-O-O a5 20. Kb1 a4 21. Qc2
Ra8 22. h4 h5 23. b3 axb3 24. Nxb3 Rf7 25. Nc5 Re7 26. Rhg1 Ra3 27. Rd2 Nc3+ 28.
Kb2 b4 29. Kc1 Rxa2 30. Qb3 Ra1+ 31. Kb2 Rxg1 32. Kc2 Rb1 33. Qxb1 Nxb1 34. Kxb1
Ra7 35. Rb2 Kf7 36. Be2 Qa5 37. Kc2 Ne4 38. Nxe4 fxe4 39. Bc4 c5 40. d5 exd5 41.
Bxd5+ Kf6 42. Bxe4 c4 43. Bf3 Qf5+ 44. Kd1 Ra1+ 45. Ke2 b3 46. Bg2 Ra3 47. Kf3
Ra2 48. Rxa2 bxa2 49. e4 Qg4+ 50. Ke3 Qxg2 51. e5+ Kf5 52. Kd4 Qe4+ 53. Kc3
a1=Q+ 54. Kb4 Qb2+ 55. Kc5 Qed4+ 56. Kc6 Qbb6# 0-1

[Event "Let's Play I-33"]
[Site "http://www.queenalice.com/game.php?id=1776355"]
[Date "2021.12.7"]
[Round "-"]
[White "Rider"]
[Black "Ruusgugg"]
[Result "1-0"]
[WhiteElo "1453"]
[BlackElo "1420"]

1. c3 g5 2. d4 e6 3. e4 h6 4. f4 gxf4 5. Bxf4 d5 6. Qa4+ Bd7 7. Qb3 b6 8. exd5
Qf6 9. g3 Qf5 10. dxe6 fxe6 11. Nd2 a5 12. O-O-O a4 13. Qc4 Nc6 14. Bd3 Qf7 15.
Be4 Na5 16. Qxc7 Rc8 17. Qxb6 Nc6 18. Bxc6 Rxc6 19. Qb5 Rc8 20. Qb6 Qf5 21. Qb7
a3 22. Rf1 axb2+ 23. Kxb2 Qd3 24. Ne4 Qxf1 25. Nc5 Rd8 26. Nxd7 Rxd7 27. Qc8+
Ke7 28. Qc5+ Kf7 29. Qh5+ Ke7 30. Qc5+ Ke8 31. Qc6 Qg2+ 32. Qxg2 Nf6 33. Be5 1-0

[Event "Let's Play I-34"]
[Site "http://www.queenalice.com/game.php?id=1776356"]
[Date "2021.12.7"]
[Round "-"]
[White "Ruusgugg"]
[Black "Rider"]
[Result "1-0"]
[WhiteElo "1395"]
[BlackElo "1468"]

1. d4 Nf6 2. c4 b6 3. f3 c6 4. g4 d6 5. g5 Nh5 6. b3 b5 7. d5 Bb7 8. cxb5 cxb5
9. Bb2 Nf4 10. e4 Nd7 11. Qd2 Ng6 12. h4 e5 13. h5 Ne7 14. a4 a6 15. h6 gxh6 16.
f4 hxg5 17. f5 f6 18. Qd1 Qb6 19. a5 Qe3+ 20. Ne2 Qxe4 21. Rh3 Qxf5 22. Ng3 Qg6
23. Be2 Nxd5 24. Bh5 Nf4 25. Bxg6+ Kd8 26. Rh2 Nxg6 27. Nf5 e4 28. Bxf6+ Nxf6
29. Nxd6 Kc7 30. Rc2+ Kb8 31. Nxb7 Be7 32. Nd6 Ka7 33. Qd4+ Kb8 34. Qb6# 1-0

[Event "Let's Play I-36"]
[Site "http://www.queenalice.com/game.php?id=1776358"]
[Date "2021.12.8"]
[Round "-"]
[White "Rasumichin"]
[Black "Rider"]
[Result "1-0"]
[WhiteElo "1738"]
[BlackElo "1435"]

1. e4 d5 2. Nc3 d4 3. Nd5 c6 4. Nf4 Qc7 5. Nge2 c5 6. d3 e5 7. Nd5 Qd6 8. Bd2
Nc6 9. Ng3 Be6 10. c4 O-O-O 11. a3 g6 12. Bg5 Rd7 13. Qa4 a5 14. Nb6+ Kc7 15.
Nxd7 Qxd7 16. Be2 h6 17. Bf6 Nxf6 18. O-O b6 19. h3 Be7 20. Qc2 h5 21. h4 Nh7
22. Rad1 Bg4 23. f3 1-0

[Event "Let's Play I-37"]
[Site "http://www.queenalice.com/game.php?id=1776359"]
[Date "2021.12.6"]
[Round "-"]
[White "Rider"]
[Black "Lucasbarbaruiva"]
[Result "0-1"]
[WhiteElo "1424"]
[BlackElo "1734"]

1. Nc3 d6 2. e4 e5 3. d4 Nc6 4. d5 Nce7 5. Bb5+ Bd7 6. Qd3 Bxb5 7. Qxb5+ Qd7 8.
Qxb7 Qc8 9. Qb5+ Kd8 10. Nf3 h6 11. O-O Nf6 12. Rd1 g5 13. Be3 Rb8 14. Qa4 Rxb2
0-1

[Event "Let's Play I-38"]
[Site "http://www.queenalice.com/game.php?id=1776360"]
[Date "2021.12.6"]
[Round "-"]
[White "Lucasbarbaruiva"]
[Black "Rider"]
[Result "1-0"]
[WhiteElo "1744"]
[BlackElo "1414"]

1. e4 e5 2. d3 d5 3. exd5 Qxd5 4. Nc3 Qd4 5. Be3 Qg4 6. Qxg4 Bxg4 7. Be2 h5 8.
Bxg4 hxg4 9. Nge2 Nc6 10. O-O Bd6 11. a3 O-O-O 12. b4 f5 13. Nb5 a6 14. Nxd6+
1-0

[Event "Challenge"]
[Site "http://www.queenalice.com/game.php?id=1776477"]
[Date "2021.12.7"]
[Round "-"]
[White "dosoldini"]
[Black "Rider"]
[Result "1-0"]
[WhiteElo "1459"]
[BlackElo "1469"]

1. d4 d5 2. Nc3 c6 3. h3 Qa5 4. Bd2 Qb4 5. Nxd5 Qd6 6. Ne3 Qxd4 7. Nf3 Qxb2 8.
Nc4 Qf6 9. e4 e6 10. Nce5 Bd6 11. Bc3 Bxe5 12. Bxe5 Qg6 13. Qd2 Qxe4+ 14. Be2 f6
15. Bc7 Bd7 16. Qd6 Qxc2 17. Rd1 Qxa2 18. Bxb8 Rxb8 19. Qxd7+ Kf8 20. Qd6+ Kf7
21. Qxb8 Qa5+ 22. Kf1 Qb6 23. Rd7+ Kg6 24. Qg3+ Kh6 25. Qxg7+ Kh5 26. g4# 1-0

[Event "Let's Play I-40"]
[Site "http://www.queenalice.com/game.php?id=1778624"]
[Date "2021.12.30"]
[Round "-"]
[White "alterego"]
[Black "Rider"]
[Result "1-0"]
[WhiteElo "1672"]
[BlackElo "1411"]

1. d4 d5 2. c4 dxc4 3. g3 Qd5 4. Nf3 Bg4 5. Nc3 Qc6 6. Bg2 Nf6 7. O-O Nbd7 8.
Ne5 Qb6 9. Nxg4 Nxg4 10. f3 Ngf6 11. Be3 O-O-O 12. Qd2 1-0

[Event "Let's Play I-41"]
[Site "http://www.queenalice.com/game.php?id=1778625"]
[Date "2021.12.30"]
[Round "-"]
[White "Rider"]
[Black "alterego"]
[Result "0-1"]
[WhiteElo "1405"]
[BlackElo "1678"]

1. e4 c5 2. d3 g6 3. Nf3 Bg7 4. c3 Nf6 5. e5 Nd5 6. c4 Nb4 7. a3 N4c6 8. Bd2 O-O
9. Bc3 a5 10. Be2 d6 11. exd6 exd6 12. Bxg7 Kxg7 0-1